| 000 | 00621nam a2200181Ia 4500 | ||
|---|---|---|---|
| 001 | 20108 | ||
| 005 | 20260306172742.0 | ||
| 008 | 260306t2010||||xx |||||||||||||| ||spa|| | ||
| 041 | _aESP | ||
| 082 |
_a342.211 _bS17 T. 1 |
||
| 100 |
_aSalmón, Elizabeth _eAUT |
||
| 245 | 0 |
_aLos derechos económicos, sociales y culturales en el sistema interamericano: _bel artículo 26 e la convención americana sobre derechos humanos y el camino hacia una lectura social de los derechos civiles y políticos |
|
| 260 | _c2010 | ||
| 300 |
_a102 páginas : _c21 cm. |
||
| 650 | _aGEN | ||
| 654 | _aCDE | ||
| 942 |
_cLIB _dJUS _fJUS _2ddc _n |
||
| 999 |
_c20108 _d20108 |
||